Sách tra cứu hóa sinh T.1 Tra cứu các chất

Saved in:
Bibliographic Details
Other Authors: Nguyễn Kim Long (Biên tập)
Format: Book
Language:Vietnamese
Published: H. Khoa học và kỹ thuật 1978
Subjects:
Tags: Add Tag
No Tags, Be the first to tag this record!
Institutions: Mạng thư viện Đại học Đà Nẵng
LEADER 01026nam a2200325 4500
001 000008648
003 4840
005 20111019151048.0
008 111019s1978 viesd
020 |c 275đ 
041 0 |a vie 
082 |a 572.03  |b Sac 
245 1 0 |a Sách tra cứu hóa sinh  |n T.1  |p Tra cứu các chất 
260 |a H.  |b Khoa học và kỹ thuật  |c 1978 
300 |a 439 tr.  |c 24 cm 
653 |a Sách tra cứu 
653 |a Hóa sinh 
700 |a Nguyễn Kim Long  |e Biên tập 
773 |t Sách tra cứu  |w 4839 
910 |a duyên 
OWN |a LSP 
AVA |a UDN50  |b LSP  |d 572.03 Sac  |e unavailable  |t Error 5002 Not defined in file expand_doc_bib_avail.  |f 1  |g 1  |h N  |i 0  |k 1 
999 |a From the UDN01 
AVA |a UDN50  |b LSP  |d 572.03 Sac  |e unavailable  |t Error 5002 Not defined in file expand_doc_bib_avail.  |f 1  |g 1  |h N  |i 0  |k 1 
TYP |a Monograph 
TYP |a Printed language 
980 |a Mạng thư viện Đại học Đà Nẵng